000 00306nam a22001337a 4500
008 181122b xxu||||| |||| 00| 0 eng d
020 _a0867092475
041 _aeng
080 _a370
100 _a49
101 _aEDU
245 _aTheretical Practice Language Educaton
_cJohn.S.M
942 _2udc
_cBK
999 _c52398
_d52398